| 000 | 00707nam a2200181Ia 4500 | ||
|---|---|---|---|
| 008 | 170725s9999 xx 000 0 und d | ||
| 100 | _aLeonardo Pessoa | ||
| 245 | _aBuilding reliable and maintainable Dynamic Software Product Lines: An investigation in the Body Sensor Network domain | ||
| 245 | _cLeonardo Pessoa, Paula Fernandes, Thiago Castro, Vander Alves, GenaĆna N. Rodrigues, Hervaldo Carvalho | ||
| 260 | _c2017 | ||
| 300 | _apages 54-70, June | ||
| 440 |
_aInformation and software technology _v86: |
||
| 500 | _aCJ0031 | ||
| 650 | _aBody Sensor Network | ||
| 650 | _aContext-awareness; Adaptiveness | ||
| 650 | _aDynamic Software Product Lines | ||
| 650 | _aReliability; Maintainability | ||
| 999 |
_c340892 _d340892 |
||